মৃত্যুঞ্জয়ী জিয়া / (Record no. 7377)
[ view plain ]
| 000 -LEADER | |
|---|---|
| fixed length control field | 00782nam a22002177a 4500 |
| 001 - CONTROL NUMBER | |
| control field | 9191 |
| 003 - CONTROL NUMBER IDENTIFIER | |
| control field | BD-DhUAP |
| 005 - DATE AND TIME OF LATEST TRANSACTION | |
| control field | 20210120113855.0 |
| 008 - FIXED-LENGTH DATA ELEMENTS--GENERAL INFORMATION | |
| fixed length control field | 210120s2006 bg ||||| |||| 00| 0 eng d |
| 020 ## - INTERNATIONAL STANDARD BOOK NUMBER | |
| International Standard Book Number | 9848453024 |
| 040 ## - CATALOGING SOURCE | |
| Original cataloging agency | BD-DhUAP |
| Language of cataloging | Eng |
| Transcribing agency | BD-DhUAP |
| Modifying agency | BD-DhUAP |
| 082 ## - DEWEY DECIMAL CLASSIFICATION NUMBER | |
| Edition number | 23 |
| Classification number | 923.1 AMI |
| 100 ## - MAIN ENTRY--PERSONAL NAME | |
| Personal name | আমিন, রুহুল। |
| 245 ## - TITLE STATEMENT | |
| Title | মৃত্যুঞ্জয়ী জিয়া / |
| Statement of responsibility, etc. | আমিন রুহুল। |
| 250 ## - EDITION STATEMENT | |
| Edition statement | ২য় সং.। |
| 260 ## - PUBLICATION, DISTRIBUTION, ETC. | |
| Place of publication, distribution, etc. | ঢাকা : |
| Name of publisher, distributor, etc. | হীরা বুক মার্ট, |
| Date of publication, distribution, etc. | ২০০৬। |
| 300 ## - PHYSICAL DESCRIPTION | |
| Extent | [২০], ১০০৮ পৃষ্ঠা : |
| Other physical details | চিত্র ; |
| Dimensions | ২২ সেমি.। |
| 600 ## - SUBJECT ADDED ENTRY--PERSONAL NAME | |
| Personal name | Rahman, Ziaur |
| Fuller form of name | 1936-1981 |
| Form subdivision | Biography. |
| 650 ## - SUBJECT ADDED ENTRY--TOPICAL TERM | |
| Topical term or geographic name entry element | Politician |
| Form subdivision | biography. |
| 942 ## - ADDED ENTRY ELEMENTS (KOHA) | |
| Source of classification or shelving scheme | |
| Koha item type | Book |
| Withdrawn status | Lost status | Source of classification or shelving scheme | Damaged status | Not for loan | Permanent Location | Current Location | Shelving location | Date acquired | Full call number | Barcode | Date last seen | Copy number | Price effective from | Koha item type |
|---|---|---|---|---|---|---|---|---|---|---|---|---|---|---|
| UAP Central Library | UAP Central Library | Reserve Stacks | 2021-01-20 | 923.1 AMI | 3010009191 | 2021-01-20 | 1 | 2021-01-20 | Book | |||||
| UAP Central Library | UAP Central Library | Reserve Stacks | 2021-01-20 | 923.1 AMI | 3010009193 | 2021-01-20 | 2 | 2021-01-20 | Book | |||||
| UAP Central Library | UAP Central Library | Reserve Stacks | 2021-01-20 | 923.1 AMI | 3010009194 | 2021-01-20 | 3 | 2021-01-20 | Book | |||||
| UAP Central Library | UAP Central Library | Reserve Stacks | 2021-01-20 | 923.1 AMI | 3010009192 | 2021-01-20 | 4 | 2021-01-20 | Book | |||||
| UAP Central Library | UAP Central Library | Reserve Stacks | 2021-01-20 | 923.1 AMI | 3010009195 | 2021-01-20 | 5 | 2021-01-20 | Book | |||||
| UAP Central Library | UAP Central Library | Reserve Stacks | 2021-01-20 | 923.1 AMI | 3010009199 | 2021-01-20 | 6 | 2021-01-20 | Book | |||||
| UAP Central Library | UAP Central Library | Reserve Stacks | 2021-01-20 | 923.1 AMI | 3010009196 | 2021-01-20 | 7 | 2021-01-20 | Book | |||||
| UAP Central Library | UAP Central Library | Reserve Stacks | 2021-01-20 | 923.1 AMI | 3010009198 | 2021-01-20 | 8 | 2021-01-20 | Book | |||||
| UAP Central Library | UAP Central Library | Reserve Stacks | 2021-01-20 | 923.1 AMI | 3010009190 | 2021-01-20 | 9 | 2021-01-20 | Book | |||||
| UAP Central Library | UAP Central Library | Reserve Stacks | 2021-01-20 | 923.1 AMI | 3010009200 | 2021-01-20 | 10 | 2021-01-20 | Book | |||||
| UAP Central Library | UAP Central Library | Reserve Stacks | 2021-01-20 | 923.1 AMI | 3010009189 | 2021-01-20 | 11 | 2021-01-20 | Book | |||||
| UAP Central Library | UAP Central Library | Reserve Stacks | 2021-01-20 | 923.1 AMI | 3010009197 | 2021-01-20 | 12 | 2021-01-20 | Book | |||||
| UAP Central Library | UAP Central Library | Reserve Stacks | 2021-01-24 | 923.1 AMI | 3010009188 | 2021-01-24 | 13 | 2021-01-24 | Book |
Bengali Keyboard